00426nam a2200157Ia 4500001000500000005001700005008004100022041000800063082001600071100005400087245007400141260000900215300002800224650000800252654000800260455020260306145804.0260306t2008||||xx |||||||||||||| ||spa|| aESP a324.63bI59 aInstituto Interamericano de Derechos HumanoseAUT 0aResultados electorales ajustados, experiencias y lecciones aprendidas c2008 a115 páginas :c21 cm. aGEN aCDE